Statistics for Among Us Polus Locations Map Quiz

Click here to take the quiz!

General Stats

  • This quiz has been taken 180 times
  • The average score is 10 of 12

Answers on the Map

Answers color-coded by a green-red scale on the quiz's map according to % correct below.
Loading ...
 

Answer Stats

Answer% Correct
Dropship
95%
Electrical
86%
Security
84%
Laboratory
82%
Storage
82%
O2
78%
Admin
77%
Boiler Room
77%
Specimen
77%
Weapons
76%
Communications
73%
Office
67%

Score Distribution

Percentile by Number Answered

Percent of People with Each Score

Your Score History

You have not taken this quiz